00768nam a2200181 a 4500008004100000020001500041050001800056100002600074245006000100260003300160300003700193350000900230650004000239650004800279995009600327999001700423952014600440120416s1974 ||||||||||||||||| || u a0070204624 aHF 5415.2 Han aFerber, Robert, 1922-10aHandbook for marketing researchcedited by Robert Feber aNew York:bMcGraw-Hillc1974 axvii, 1417p. (in various) : ill. a0.00 0aMARKETING--MANAGEMENT--CASE STUDIES aMARKETING RESEARCH--HANDBOOKS, MANUALS, ETC D0.00FCBU-MAIN LIBRARY (Kitwe)H1I10.00M1UAVAILABLEZMain Library Open Access Collection c45232d45232 00102lcc4070a001b001cMain Library Open Access Collectiond2022-11-30l4oHF 5415.2 Hanp005684r2026-03-03s2025-06-24w2022-11-30y002